Compliance y teoría del Derecho Penal
Zapisane w:
| Główni autorzy: | , |
|---|---|
| Kolejni autorzy: | |
| Format: | Książka |
| Język: | hiszpański |
| Wydane: |
Madrid
Marcial Pons
2013
|
| Wydanie: | 1a. ed |
| Seria: | Derecho Penal y Criminología
|
| Hasła przedmiotowe: | |
| Etykiety: |
Dodaj etykietę
Nie ma etykietki, Dołącz pierwszą etykiete!
|
MARC
| LEADER | 00000cam a2200000 a 4500 | ||
|---|---|---|---|
| 001 | UCE2047 | ||
| 003 | CL-VaPUC | ||
| 008 | 140605e20130000sp |||||||||||||||||spa|d | ||
| 020 | |a 9788415948001 | ||
| 082 | 0 | 4 | |a 345 |b KUH |2 21 |
| 100 | |a Kuhlen, Lothar |e author |9 580398 | ||
| 700 | |a Montiel Vergara, Juan Pablo |e autor |9 560438 | ||
| 700 | 0 | |a Ortiz de Urbina Gimeno, Iñigo |e author |9 574524 | |
| 245 | 1 | 0 | |a Compliance y teoría del Derecho Penal |
| 250 | |a 1a. ed | ||
| 300 | |a 300 p | ||
| 942 | |c BK | ||
| 945 | |d 20140605 14:22:00 |a dcastane | ||
| 260 | |a Madrid |b Marcial Pons |c 2013 | ||
| 650 | 7 | |a DERECHO PENAL |2 CL-VaPUC |9 11 | |
| 650 | 0 | |a Derecho penal español |9 368528 | |
| 650 | 0 | |a Teoría del derecho |9 255982 | |
| 583 | |a last modification |c 20140605 14:22:00 |k Rodrigo Vera | ||
| 490 | 0 | |a Derecho Penal y Criminología | |
| 999 | |c 355726 |d 355724 | ||
| 952 | |0 0 |1 0 |3 erb |4 0 |6 345_000000000000000_KUH_2013 |7 0 |8 A |9 462559 |a BIBDER |b BIBDER |i 5082161 |l 3 |m 5 |o 345 KUH 2013 |p 5082161 |r 2023-01-25 |s 2021-10-29 |w 2019-11-23 |y BK |z Catalogado en:20140605 |k DER | ||